El puzle del agua y la clave hexagonal : evidencias científicas del agua hexagonal y su influencia positiva en la vida /

Detalles Bibliográficos
Autor principal: Jhon, Mu Shik (Autor)
Otros Autores: Kuprat, Karin (Traductor)
Formato: Electrónico eBook
Lenguaje:español
inglés
Publicado: [Olba, Teruel] : Ediciones EcoHabitar, [2008]
Edición:Primera edición en castellano.
Materias:
Acceso en línea:Digitalia Hispánica

MARC

LEADER 00000nam a2200000Ii 4500
001 DIGECOHAB0009
003 NyNyDIG
006 m o d
007 cr |||||||||||
008 240202s2008 sp a ob 000 0 spa d
035 |a (OCoLC)1422054866 
040 |a DGITA  |b eng  |e rda  |e pn  |c DGITA 
020 |a 9788494376719  |q eBook 
020 |z 9788461234073 
041 1 |a spa  |h eng 
050 1 4 |a RM810 ebook 
082 0 4 |a 613.287  |2 23 
100 1 |a Jhon, Mu Shik,  |e author. 
240 1 0 |a Water puzzle and the hexagonal key.  |l Spanish  |s (Kuprat) 
245 1 3 |a El puzle del agua y la clave hexagonal :  |b evidencias científicas del agua hexagonal y su influencia positiva en la vida /  |c Mu Shik Jhon ; traducción Karin Kuprat. 
250 |a Primera edición en castellano. 
264 1 |a [Olba, Teruel] :  |b Ediciones EcoHabitar,  |c [2008] 
300 |a 1 online resource :  |b illustrations. 
336 |a text  |b txt  |2 rdacontent 
337 |a computer  |b c  |2 rdamedia 
338 |a online resource  |b cr  |2 rdacarrier 
347 |a text file  |2 rdaft 
347 |b EPUB 
504 |a Includes bibliographical references. 
588 0 |a Online resource; title from ePub title page (Digitalia, viewed February 2, 2024) 
650 0 |a Water  |x Physiological effect. 
650 0 |a Water  |x Health aspects. 
650 0 |a Hydrotherapy. 
650 0 |a Water  |x Composition. 
650 0 |a Water  |x Analysis. 
700 1 |a Kuprat, Karin,  |e translator. 
700 1 |i Translation of:  |a Jhon, Mu Shik.  |t Water puzzle and the hexagonal key. 
791 2 |a Digitalia (Firm),  |e distributor. 
793 0 |g Digitalia eBook Collection:  |a EcoHabitar 
776 0 8 |i Print version:  |a Jhon, Mu Shik.  |s Water puzzle and the hexagonal key. Spanish (Kuprat).  |t Puzle del agua y la clave hexagonal.  |b Primera edición en castellano.  |d [Olba, Teruel] : EcoHabitar editorial, [2008]  |z 9788461234073 
856 4 0 |3 Digitalia Hispánica  |u https://www.digitaliapublishing.com/a/120661/ 
910 |a Premium collection: 2024